| 000 | 00362nam a22001697a 4500 | ||
|---|---|---|---|
| 005 | 20260612094304.0 | ||
| 020 | _a9789325793408 | ||
| 041 | _aEnglish | ||
| 082 | _a001 R25 ARI | ||
| 100 | _aArihant | ||
| 245 | _a2500+ Objectice General Science | ||
| 250 | _a01 | ||
| 260 |
_aNew Delhi _bArihant _c2025 |
||
| 300 | _a140 | ||
| 365 | _b225.00 | ||
| 942 | _cBK | ||
| 999 |
_c177751 _d177751 |
||